000 02455cam a2200385 4500
001 L135441
008 061026s2007 f 001 0 eng u
020 _a9781846610240
035 _a(Sirsi) u135441
041 0 _aeng
050 0 4 _a346.410435 $2 18
100 1 _aBickford-Smith, Stephen
245 _aRights of light
_bthe modern law
250 _a2nd. ed.
260 _aBristol
_bJordan Publishing Ltd
_c2007
300 _axlv, 347p.
_c26cm.
350 _a45
505 2 _aThe property law context -- Rights to light defined and contrasted -- Extent of rights to light -- Buildings and structures capable of enjoying rights to light -- Acquisition of rights of light I - by acts of the parties -- Acquisition of rights to light II - by prescription -- Acquisition of rights to light III - prevention of acquisition -- Extinguishment of rights of light -- Deeds regulating rights to light -- Proceedings for infringement of rights to light I - causes of action, parties, limitation and venue -- Proceedings for infringement of rights top light II - remedies -- Measurement and valuation of light -- Rights to light and planning law -- Conveyancing issues which affect rights to light -- Human rights -- The high hedges legislation -- Statutes -- Statutory Instruments -- Other materials
520 _aA practical explanation of law and practice surrounding the right to light. Written by property experts with a particular interest in this area. Frames the context of the legislation. Includes a review of the acquisition, establishment and extinguishment of rights of light; proceedings for infringement; commentary on measurement and valuation techniques; high hedges legislation; and human rights. Extensive reference to statutes and case law.
590 _aKA
650 2 4 _aMIDTOWN LTD V CITY OF LONDON REAL PROPERTY CO LTD
650 2 4 _aREGAN V PAUL PROPERTIES LTD AND OTHERS
650 2 4 _aTAMARES (VINCENT SQUARE) LTD V FAIRPOINT PROPERTIES (VINCENT SQUARE) LTD
650 2 4 _aHUMAN RIGHTS ACT 1998
650 2 4 _aRIGHTS OF LIGHT ACT 1959
650 2 4 _aPRESCRIPTION ACT 1832
650 2 4 _aENVIRONMENT ACT 1995
650 2 4 _aANTI-SOCIAL BEHAVIOUR ACT 2003
650 2 4 _aLAND REGISTRATION ACT 1925
650 2 4 _aLAND REGISTRATION ACT 2002
651 4 _aUnited Kingdom
_y
690 _aPROPERTY-PROPERTY MANAGEMENT-EASEMENTS-RIGHTS TO LIGHT DETERMINATION-RIGHTS TO LIGHT
700 1 _aFrancis, Andrew
942 _n0
999 _c106063
_d106063